[Event "Warren Bottom-Half U1700 op"]
[Site "Warren"]
[Date "2003.06.21"]
[Round "3"]
[White "Dillabough, Trace"]
[Black "Wood, Jack Patrick"]
[Result "1-0"]
[WhiteElo "1593"]
[BlackElo "1634"]
[PlyCount "64"]
[EventDate "2003.06.21"]
[EventType "swiss"]
[EventRounds "5"]
[EventCountry "USA"]
[SourceTitle "EXT 2008"]
[Source "ChessBase"]
[SourceDate "2007.11.25"]
[SourceVersion "1"]
[SourceVersionDate "2007.11.25"]
[SourceQuality "1"]

1. d4 d5 2. c4 c6 3. Nc3 Nf6 4. Bf4 dxc4 5. e4 b5 6. f3 Bb7 7. a4 a6 8. Nh3 e6 9. Be2 Be7 10. 0-0 Nbd7 11. Qc2 Nh5 12. Be3 e5 13. dxe5 g6 14. Rad1 Qc7 15. e6 fxe6 16. Kh1 e5 17. f4 Ng7 18. fxe5 Nxe5 19. Ng5 h6 20. Nf3 Ng4 21. Bd4 0-0 22. h3 Rxf3 23. hxg4 Rxf1+ 24. Rxf1 Qd6 25. Bg1 Bf6 26. e5 Bxe5 27. Ne4 Qe7 28. g3 c5 29. Bf3 Rf8 30. Bxc5 Bxe4 31. Bxe7 Bxc2 32. Bd5+ Kh7 1-0

[Event "Motor City op"]
[Site "Warren"]
[Date "2002.11.30"]
[Round "5"]
[White "Dillabough, Trace"]
[Black "Garrison, Ray"]
[Result "1-0"]
[WhiteElo "1488"]
[BlackElo "1874"]
[PlyCount "23"]
[EventDate "2002.11.29"]
[EventType "swiss"]
[EventRounds "7"]
[EventCountry "USA"]
[SourceTitle "EXT 2009"]
[Source "ChessBase"]
[SourceDate "2008.11.26"]
[SourceVersion "1"]
[SourceVersionDate "2008.11.26"]
[SourceQuality "1"]

1. d4 f5 2. Nc3 d5 3. h3 Nf6 4. g4 fxg4 5. hxg4 Bxg4 6. Qd3 Nc6 7. Bg5 Qd7 8. Bxf6 gxf6 9. Rxh7 Bf5 10. Bh3 Bxh3 11. Qg6+ Kd8 12. Rxh8 1-0

[Event "Warren Motor City op"]
[Site "Warren"]
[Date "2001.11.25"]
[Round "6"]
[White "Matias, IC."]
[Black "Dillabough, Trace"]
[Result "1-0"]
[WhiteElo "1650"]
[BlackElo "1357"]
[PlyCount "54"]
[EventDate "2001.11.24"]
[EventType "swiss"]
[EventRounds "7"]
[EventCountry "USA"]
[SourceTitle "EXT 2007"]
[Source "ChessBase"]
[SourceDate "2006.11.23"]
[SourceVersion "1"]
[SourceVersionDate "2006.11.23"]
[SourceQuality "1"]

1. d4 Nf6 2. c4 g6 3. Nc3 Bg7 4. e4 d6 5. f4 c5 6. d5 b5 7. cxb5 a6 8. Nf3 Qa5 9. Qc2 e6 10. Bd2 Qb6 11. Bc4 exd5 12. Nxd5 Nxd5 13. Bxd5 Ra7 14. 0-0 c4+ 15. Kh1 axb5 16. Bb4 Nd7 17. e5 Nc5 18. exd6 0-0 19. Qf2 Nd7 20. Qxb6 Nxb6 21. d7 Bxd7 22. Bxf8 Kxf8 23. Rad1 Bxb2 24. Ne5 Nxd5 25. Rxd5 Be8 26. Re1 Rxa2 27. Ng4 Ra1 1-0

[Event "Warren Motor City op"]
[Site "Warren"]
[Date "2001.11.24"]
[Round "5"]
[White "Gabbara, Faris"]
[Black "Dillabough, Trace"]
[Result "1-0"]
[WhiteElo "2047"]
[BlackElo "1311"]
[PlyCount "62"]
[EventDate "2001.11.24"]
[EventType "swiss"]
[EventRounds "7"]
[EventCountry "USA"]
[SourceTitle "EXT 2007"]
[Source "ChessBase"]
[SourceDate "2006.11.23"]
[SourceVersion "1"]
[SourceVersionDate "2006.11.23"]
[SourceQuality "1"]

1. d4 Nf6 2. c4 g6 3. Nc3 Bg7 4. e4 d6 5. Be2 0-0 6. Bg5 h6 7. Bh4 Nbd7 8. h3 e5 9. d5 a5 10. b3 g5 11. Bg3 Nc5 12. f3 Nh5 13. Bf2 f5 14. g4 fxe4 15. gxh5 exf3 16. Nxf3 e4 17. Nxe4 Bxa1 18. Bxc5 dxc5 19. Qxa1 Qe7 20. Qe5 Qxe5 21. Nxe5 Bf5 22. Nxc5 Rae8 23. Ned3 Be4 24. Rh2 Bf5 25. Kd2 Rf6 26. Bg4 Bxd3 27. Nxd3 Re4 28. Re2 Rd4 29. Kc3 c5 30. Re6 Rf8 31. Rxh6 Re4 1-0